000 00704nam a2200193 i 4500
001 39393
003 ES-MaACL
005 20250901204901.0
007 t|
008 030303s1968 sp ||||1| spa d
110 2 0 _aCámara Oficial de Comercio e Industria de la Provincia de Jaén
_92378
245 1 0 _aFerrocarril Baeza-Albacete /
_cinforme elevado por las Cámaras de Comercio de Jaen y Albacete a la Comisión de Trabajo.
260 _aJaen :
_b[s.n.,
_c1968]
300 _aIII, 74 p. :
_b2 map. ;
_c30 cm.
500 _aEjemplar multicopista.
710 2 _aCámara Oficial de Comercio e Industria de Albacete
_92373
852 _aES-MaACL
_jC-35745
_bR.65543
999 _c39393
_d39393